| 000 | 01427nam a2200277Ia 4500 | ||
|---|---|---|---|
| 999 |
_c4861 _d4861 |
||
| 003 | OSt | ||
| 005 | 20200407150554.0 | ||
| 008 | 191128s1996 ck gr 000 0 spa d | ||
| 020 | _a9589502210 | ||
| 040 |
_aCO-JMCR _cCO-JMCR |
||
| 082 | 0 | 4 |
_a282.8 / _bC172A |
| 100 | 1 |
_aCárdenas G., Eduardo, S.J., _eautor _92708 |
|
| 245 | 1 | 0 |
_aAmérica Latina: La iglesia en el siglo liberal : _bla iglesia en el siglo liberal / _cEduardo Cárdenas G., S.J. ; editor, Neira F., Germán, S.J., |
| 250 | _aPrimera edición | ||
| 260 |
_aBogotá : _bPontificia Universidad Javeriana, _c1996 |
||
| 300 |
_a248 páginas ; _c23 cm. |
||
| 490 | 0 |
_aColección pasado en presente ; _v4 |
|
| 505 | _aEl marco político y social -- El siglo liberal -- La iglesia y el estado en el siglo XIX -- las estructuras de la iglesia -- El primer concilio latinoamericano -- Continuidad y diferencia -- El catolisismo -- Fidelidad religiosa y religiosidadpopular | ||
| 520 | _aEste libro trata sobre las duras luchas que tuvo que librar la iglesia en América latina durante los siglos XIX y XX y que se habrían perdido definitivamente si no se hubiera contado con una masa fiel a la fe. A pesar de lo proclamada confesionalidad de l | ||
| 650 | 1 | 4 |
_aIglesia católica _92693 |
| 650 | 2 | 4 |
_aHistoria _92709 |
| 650 | 2 | 4 |
_aPartidos políticos _92710 |
| 700 | 1 |
_aNeira F., _eeditor _92711 |
|
| 700 | 1 |
_aGermán, S.J., _eeditor _92712 |
|
| 942 |
_2ddc _cBK |
||